000 01177cam a22003497a 4500
003 CHAP
005 20220329134040.0
008 971013s1975 r 00010 d
010 _a14645
011 _a15617
035 _a19693
040 _cCHAP
090 _aFolleto 2703y
100 0 0 _aGornat, Baruj.
_950049
245 1 3 _aEl uso de tensiómetros para medir la tensión del agua del suelo y determinar el régimen de riego
260 _aMéxico, D .F. :
_bCentro Regional de Ayuda Técnica,
_c1975
300 _a11 p.
_b: gráfs
500 _ac.4-5 en bodega
590 _aBATCH-UPD
_b10
_c20130110
_lUCH01
_h1914
590 _aBATCH-UPD
_b10
_c20130410
_lUCH01
_h1241
590 _aBATCH-UPD
_b10
_c20130914
_lUCH01
_h1617
590 _aCONVERSION
_b10
_c20130109
_lUCH01
_h1309
650 1 4 _aHidrómetros.
_955274
650 1 4 _aSuelos
_xHumedad.
_9110391
650 1 4 _aTensiómetros.
_9112281
700 0 _aGoldberg, S. Dan.
_948544
901 _aBK
942 _cFOLL
949 _aFolleto 2703y
_bBC
_cFOLL
_d-45945
_eTS1
_i19693
_mD
_si
949 _aFolleto 2703y
_bBC
_cFOLL
_d-45946
_eTS2
_fc.2
_i19693
_si
949 _aFolleto 2703y
_bBC
_cFOLL
_d-45947
_eTS2
_fc.3
_i19693
_si
999 _c14645
_d14645